الفروق اللغوية: (Record no. 6837)
[ view plain ]
| 000 -LEADER | |
|---|---|
| fixed length control field | 00605nam a22001817a 4500 |
| 005 - DATE AND TIME OF LATEST TRANSACTION | |
| control field | 20240526103049.0 |
| 008 - FIXED-LENGTH DATA ELEMENTS--GENERAL INFORMATION | |
| fixed length control field | 240526b |||||||| |||| 00| 0 eng d |
| 020 ## - INTERNATIONAL STANDARD BOOK NUMBER | |
| International Standard Book Number | 9782745162199 |
| 040 ## - CATALOGING SOURCE | |
| Transcribing agency | . |
| 050 ## - LIBRARY OF CONGRESS CALL NUMBER | |
| Classification number | 401 A591 2018 |
| 082 ## - DEWEY DECIMAL CLASSIFICATION NUMBER | |
| Edition number | ط1 |
| 100 ## - MAIN ENTRY--PERSONAL NAME | |
| Personal name | العسكري، ابي الهلال الحسن بن عبدالله بن سهل |
| 245 ## - TITLE STATEMENT | |
| Title | الفروق اللغوية: |
| Remainder of title | / |
| Statement of responsibility, etc. | ابي الهلال الحسن بن عبدالله بن سهل العسكري |
| 250 ## - EDITION STATEMENT | |
| Edition statement | ط1 |
| 260 ## - PUBLICATION, DISTRIBUTION, ETC. | |
| Place of publication, distribution, etc. | بيروت |
| Name of publisher, distributor, etc. | دار الكتب العلمية |
| Date of publication, distribution, etc. | 2018 |
| 650 ## - SUBJECT ADDED ENTRY--TOPICAL TERM | |
| Geographic subdivision | اللغويات |
| 942 ## - ADDED ENTRY ELEMENTS (KOHA) | |
| Source of classification or shelving scheme | Dewey Decimal Classification |
| Koha item type | Book |
| Suppress in OPAC | No |
| Withdrawn status | Lost status | Source of classification or shelving scheme | Damaged status | Not for loan | Home library | Current library | Date acquired | Total Checkouts | Full call number | Barcode | Date last seen | Price effective from | Koha item type |
|---|---|---|---|---|---|---|---|---|---|---|---|---|---|
| Dewey Decimal Classification | KHOBAR | KHOBAR | 05/26/2024 | 401 A591 2018 | 1000000034497 | 05/26/2024 | 05/26/2024 | Book |
